00669 2200241 4500001002100000005001700021008004100038020001800079035002400097040001200121082001300133090002000146100001800166245004700184250001800231260003400249300003100283500001100314504002900325650004100354850001200395990002000407YOGYA-0209000000508320090227020757.0 ind  a979-533-105-1 0010-020900000005083 aYOPDYOG a006.6862 a006.6862bRoh G aROHMAN, Ijang aGrafik pascal dan animasinyacIjang Rohman aEd. 1, cet. 2 aYogyakartabAndi Offsetc1995 aviii, 122 hlmbilusc23 cm aIndeks aBibliografi : hlm. [119] aPascal (Bahasa pemrograman komputer) aYOPDYOG a2722-PN/P.01b1